| 000 | 01315cam a2200337 i 4500 | ||
|---|---|---|---|
| 001 | 12854983 | ||
| 003 | EG-ScBUE | ||
| 005 | 20240826092456.0 | ||
| 008 | 020715t2007 njua f 001 0 eng d | ||
| 020 | _a0132386658 | ||
| 020 | _a9780132386654 | ||
| 040 |
_aDLC _beng _erda _cDLC _dDLC _dEG-ScBUE |
||
| 082 | 0 | 4 |
_a510 _222 _bGOL |
| 100 | 1 |
_aGoldstein, Larry Joel, _eauthor. |
|
| 245 | 1 | 0 |
_aFinite mathematics & its applications / _cLarry J. Goldstein, Goldstein Educational Technologies, David I. Schneider, University of Maryland, Martha J. Siegel, Towson University. |
| 246 | 3 | _aFinite mathematics and its applications | |
| 250 |
_aNinth edition, _bPearson Intenational Edition |
||
| 264 | 1 |
_aUpper Saddle River, N.J. : _bPearson Education International, _c[2007] |
|
| 264 | 4 | _cc2007 | |
| 300 |
_a1 volume (various pagings) : _billustrations ; _c26 cm |
||
| 336 |
_2rdacontent _atext _btxt |
||
| 337 |
_aunmediated _2rdamedia _bn |
||
| 338 |
_avolume _bnc _2rdacarrier |
||
| 500 | _aIncludes index. | ||
| 650 | 7 |
_aMathematics _vTextbooks. _2BUEsh |
|
| 655 | _vReading book | ||
| 700 | 1 |
_aSchneider, David I., _eauthor. |
|
| 700 | 1 |
_aSiegel, Martha J., _eauthor. |
|
| 942 |
_2ddc _cBB |
||
| 999 |
_c10486 _d10486 |
||